000 00389nam a2200145Ia 4500
008 240624s9999 xx 000 0 und d
041 _aeng
082 _a338.5024658 MCG
100 _aMCGUIGAN JAMES R
245 _aMANAGERIAL ECONOMICS APPLICATIONS STRATE
250 _a(10th ed.)
260 _c2011
_aAustralia
_bCengage Learning
300 _axxi, : 869 : p. : cm. ; 28
365 _cRS
999 _c20468
_d20468